| 000 | 00586 a2200181 4500 | ||
|---|---|---|---|
| 999 |
_c6843 _d6843 |
||
| 020 | _a0415911079 | ||
| 050 | _aGN71.NS GEN 1995 | ||
| 100 | _aLutkehaus, Nancy C. (editor) | ||
| 245 |
_aGender rituals: _bFemale initiation in Melanesia / _cedited by Nancy C. Lutkehaus and Paul B. Roscoe |
||
| 264 |
_aNew York: _bRoutledge; _c1995 |
||
| 300 |
_axiii, 257p. ; _bpics. |
||
| 500 | _aIncludes References and Index | ||
| 650 | _aDefining women | ||
| 650 | _aAchieving womanhood | ||
| 650 | _aFeminist anthropology | ||
| 700 |
_aRoscoe, Paul B. _eeditor |
||
| 942 |
_2lcc _cBK _h71.NS _iGEN _kGN |
||